[Event "fast KO - Open"]
[Site "SchemingMind.com"]
[Date "2012.08.20"]
[Round "-"]
[White "clario"]
[Black "spoke"]
[Result "1-0"]
[WhiteCountry "RSA"]
[BlackCountry "GER"]
[WhiteElo "2247"]
[WhiteRD "69"]
[BlackElo "1774"]
[BlackRD "65"]
[GameID "316018"]

1. d4 Nf6 2. c4 g6 3. Nc3 Bg7 4. e4 d6 5. f3 O-O 6. Be3 Nc6 7. Nge2 a6 8. Qd2 Rb8 9. h4 h5 10. O-O-O e5
11. dxe5 Nxe5 12. Nd4 Qe7 13. Bg5 Nxc4 14. Bxc4
1-0

[Event "fast KO - Open"]
[Site "SchemingMind.com"]
[Date "2012.08.15"]
[Round "-"]
[White "ray winteringham"]
[Black "mmccaffe"]
[Result "0-1"]
[WhiteCountry "ENG"]
[BlackCountry "USA"]
[WhiteElo "1532"]
[WhiteRD "50"]
[BlackElo "1602"]
[BlackRD "57"]
[GameID "316022"]

1. d4 d5 2. c4 e6 3. Nf3 Nf6 4. Bg5 Be7 5. e3 O-O 6. Bd3 h6 7. Bh4 Nbd7 8. c5 c6 9. O-O b6 10. b4 bxc5
11. bxc5 Ne4 12. Bxe7 Qxe7 13. Bxe4 dxe4 14. Nfd2 f5 15. Na3 Ba6 16. Nac4 e5 17. Re1 exd4 18. exd4 Nxc5 19. Ne5 Nd3 20. Re3 Nxe5
21. dxe5 Qxe5 22. Qb3+ Kh8 23. Nf3 Qxa1+ 24. Re1 Qf6 25. Nd2 Bd3 26. Qa3 Rfb8 27. Nb3 f4 28. Nc5 Rd8 29. h3 f3 30. g3 Be2
31. Nxe4 Qf5 32. Nc5 Qxh3 33. Ne4 Qg2#
0-1

[Event "fast KO - Open"]
[Site "SchemingMind.com"]
[Date "2012.08.19"]
[Round "-"]
[White "spoke"]
[Black "clario"]
[Result "0-1"]
[WhiteCountry "GER"]
[BlackCountry "RSA"]
[WhiteElo "1793"]
[WhiteRD "66"]
[BlackElo "2254"]
[BlackRD "72"]
[GameID "316023"]

1. e4 c5 2. Nf3 d6 3. d4 cxd4 4. Nxd4 Nf6 5. Nc3 a6 6. f4 e5 7. Nf3 Nbd7 8. fxe5 dxe5 9. Bd3 Bb4 10. Bd2 Nc5
11. Qe2 O-O 12. a3 Nxd3+ 13. Qxd3 Qxd3 14. cxd3 Bd6 15. Rc1 Be6 16. Ke2 Nd7 17. b4 f6 18. Be3 Rac8 19. Na4 Rfe8 20. Nb6 Nxb6
21. Bxb6 f5 22. Bc5 Bxc5 23. bxc5 Bd7 24. Ke3 f4+ 25. Kf2 h6 26. Rhe1 Bc6 27. Nh4 Rcd8 28. Red1 Ba4 29. Rd2 Bb5 30. Rc3 Rd7
31. Nf3 g5 32. h3 Kg7 33. g3 fxg3+ 34. Kxg3 Kf6 35. Kg4 Red8 36. Ne1 Rd4 37. Kf3 Bc6 38. Ke3 Bxe4 39. Nc2 Bf5
0-1

[Event "fast KO - Open"]
[Site "SchemingMind.com"]
[Date "2012.08.15"]
[Round "-"]
[White "mmccaffe"]
[Black "ray winteringham"]
[Result "0-1"]
[WhiteCountry "USA"]
[BlackCountry "ENG"]
[WhiteElo "1645"]
[WhiteRD "60"]
[BlackElo "1510"]
[BlackRD "50"]
[GameID "316027"]

1. e4 e5 2. Nf3 Nc6 3. Bb5 a6 4. Ba4 b5 5. Bb3 Bb7 6. c3 Bc5 7. O-O Nf6 8. Bc2 O-O 9. d3 h6 10. h3 b4
11. Be3 Bxe3 12. fxe3 d6 13. Nbd2 a5 14. Qe2 Nh5 15. Qf2 Ne7 16. Nh4 Ng6 17. Nxg6 fxg6 18. Qe2 Kh7 19. Rxf8 Qxf8 20. Rf1 Ng3
0-1

[Event "fast KO - Open"]
[Site "SchemingMind.com"]
[Date "2012.08.19"]
[Round "-"]
[White "mtnewk"]
[Black "emvarela"]
[Result "1-0"]
[WhiteCountry "USA"]
[BlackCountry "ARG"]
[WhiteElo "1644"]
[WhiteRD "74"]
[BlackElo "1757"]
[BlackRD "48"]
[GameID "316127"]

1. d4 Nf6 2. c4 e6 3. Nf3 Bb4+ 4. Bd2 Bxd2+ 5. Nbxd2 O-O 6. e3 b6 7. Bd3 Bb7 8. O-O d5 9. cxd5 Nxd5 10. a3 Nd7
11. Rc1 c5 12. Nc4 cxd4 13. Nxd4 Nc5 14. Bc2 Rc8 15. b3 Ba6 16. Re1 Bxc4 17. bxc4 Nf6 18. Bb3 Nxb3 19. Nxb3 Qxd1 20. Rexd1 Rfd8
21. Rxd8+ Rxd8 22. h3 Rd3 23. Rb1 Rc3 24. c5 bxc5 25. Nxc5 g6 26. Nb3 Nd7 27. Kf1 Ne5 28. a4 Nc4 29. Ke1 Na3 30. Rb2 Rc4
31. a5 Rc2 32. Rxc2 Nxc2+ 33. Kd2 Nb4 34. Kc3 Nc6 35. Kc4 Ne5+ 36. Kb5 Nd3 37. Ka6 Nxf2 38. Kxa7 Nd3 39. Kb7 Nb4 40. a6 Nxa6
41. Kxa6 f5 42. Kb5 Kf7 43. Kc5 e5 44. Kd5 Kf6 45. Nd4 exd4 46. exd4 Ke7 47. Kc6 Kd8 48. Kd6 g5 49. Ke6 f4 50. Kf6 h6
51. Kg6
1-0

[Event "fast KO - Open"]
[Site "SchemingMind.com"]
[Date "2012.08.24"]
[Round "-"]
[White "kubinet"]
[Black "Holty"]
[Result "0-1"]
[WhiteCountry "GER"]
[BlackCountry "ENG"]
[WhiteElo "1690"]
[WhiteRD "58"]
[BlackElo "1732"]
[BlackRD "58"]
[GameID "316212"]

1. e4 e5 2. Nf3 Nf6 3. Nxe5 d6 4. Nf3 Nxe4 5. d4 d5 6. Bd3 Bd6 7. O-O Bg4 8. h3 Bf5 9. Re1 O-O 10. c4 c6
11. Nc3 Re8 12. Qc2 Bb4 13. a3 Bxc3 14. bxc3 Nd7 15. cxd5 cxd5 16. c4 Ndf6 17. Bb2 Qd7 18. Ne5 Qc7 19. Rac1 g6 20. f3 Ng3
21. Kh2 Bxd3 22. Qxd3 Nf5 23. cxd5 Qd6 24. Qb3 Qxd5
0-1

[Event "fast KO - Open"]
[Site "SchemingMind.com"]
[Date "2012.08.24"]
[Round "-"]
[White "Holty"]
[Black "kubinet"]
[Result "1-0"]
[WhiteCountry "ENG"]
[BlackCountry "GER"]
[WhiteElo "1732"]
[WhiteRD "58"]
[BlackElo "1690"]
[BlackRD "58"]
[GameID "316218"]

1. d4 d5 2. Nf3 Nf6 3. Bg5 e6 4. c3 Be7 5. Nbd2 O-O 6. e3 h6 7. Bxf6 Bxf6 8. Bd3 Nd7 9. O-O c5 10. Re1 Re8
11. b3 b6 12. Qc2 Bb7 13. Rac1 Rc8 14. Qb1 e5 15. dxe5 Nxe5 16. Nxe5 Bxe5 17. Nf3 Bf6 18. Red1 Qe7 19. Re1 Qd6 20. Rcd1 Bxc3
21. Re2 Bf6 22. Nd2 a6 23. Nc4 Qc7 24. Nd2 b5 25. Nf3 c4 26. Rc2
1-0

[Event "fast KO - Open"]
[Site "SchemingMind.com"]
[Date "2012.08.27"]
[Round "-"]
[White "tyler_ensor"]
[Black "lennart"]
[Result "1-0"]
[WhiteCountry "CAN"]
[BlackCountry "SWE"]
[WhiteElo "1871"]
[WhiteRD "76"]
[BlackElo "1471"]
[BlackRD "55"]
[GameID "316606"]

1. Nf3 d6 2. d4 Nc6 3. e4 h6 4. Nc3 a6 5. a4 Bg4 6. Be2 Bxf3 7. Bxf3 e5 8. d5 Nb4 9. a5 b6 10. axb6 cxb6
11. Be2 Nf6 12. Be3 Be7 13. Ra4 a5 14. Bb5+ Kf8 15. Qe2 Kg8 16. Nd1 Qc7 17. c3 Nfxd5 18. cxb4 Nxb4 19. O-O Kh7 20. Nc3 Qd8
21. Rd1 Qc8 22. Bxb6 d5 23. exd5 Rb8 24. Bxa5 Bd6 25. Bxb4 Bxb4 26. Rxb4 f6 27. Bd3+ g6 28. Rxb8 Qxb8 29. h4 h5 30. Qxh5+
1-0

[Event "fast KO - Open"]
[Site "SchemingMind.com"]
[Date "2012.08.27"]
[Round "-"]
[White "lennart"]
[Black "tyler_ensor"]
[Result "0-1"]
[WhiteCountry "SWE"]
[BlackCountry "CAN"]
[WhiteElo "1471"]
[WhiteRD "55"]
[BlackElo "1871"]
[BlackRD "76"]
[GameID "316613"]

1. e4 e6 2. Nf3 c5 3. Bd3 Nc6 4. a3 a6 5. h3 Qc7 6. Bc4 b5 7. Ba2 Nf6 8. d3 Bb7 9. Nc3 Be7 10. d4 cxd4
11. Nxd4 Nxd4 12. Qxd4 Bc5 13. Qd2 Nxe4 14. Nxe4 Bxe4 15. Qg5 O-O 16. Bb3 Rac8 17. Be3 Bxe3 18. Qxe3 Bxc2 19. Ba2 Bg6 20. O-O Qc2
21. Qd4 d5 22. b4 Qc3 23. Qxc3 Rxc3 24. Kh2 Rfc8 25. Rfe1 Rxa3 26. Re3 Rxe3 27. fxe3 Rc3
0-1

[Event "fast KO - Open"]
[Site "SchemingMind.com"]
[Date "2012.09.02"]
[Round "-"]
[White "chesshub"]
[Black "AhmetY"]
[Result "1-0"]
[WhiteCountry "FRA"]
[BlackCountry "TUR"]
[WhiteElo "2463"]
[WhiteRD "76"]
[BlackElo "1420"]
[BlackRD "269"]
[GameID "317170"]

1. d4 Nf6 2. c4 c5 3. d5 b5 4. cxb5 a6 5. bxa6 g6 6. Nc3 Bxa6 7. g3 d6 8. Bg2 Bg7 9. Nf3 Nfd7 10. O-O Nb6
11. Qc2 N8d7 12. Rd1 O-O 13. Rb1 Nc4 14. Nd2 Qa5 15. Bh3 Ra7 16. Nxc4 Bxc4 17. b3 Qxc3 18. Qxc3 Bxc3 19. bxc4 Ne5 20. Bh6
1-0

[Event "fast KO - Open"]
[Site "SchemingMind.com"]
[Date "2012.09.02"]
[Round "-"]
[White "AhmetY"]
[Black "chesshub"]
[Result "0-1"]
[WhiteCountry "TUR"]
[BlackCountry "FRA"]
[WhiteElo "1497"]
[WhiteRD "348"]
[BlackElo "2440"]
[BlackRD "77"]
[GameID "317171"]

1. e4 c5 2. Nf3 e6 3. d4 cxd4 4. Nxd4 a6 5. Nc3 Qc7 6. Bd3 Nc6 7. Be3 Nf6 8. O-O Ne5 9. h3 Bc5 10. Kh1 d6
11. f4 Ng6 12. Qf3 O-O
0-1

[Event "fast KO - Open"]
[Site "SchemingMind.com"]
[Date "2012.10.16"]
[Round "-"]
[White "clario"]
[Black "tyler_ensor"]
[Result "0-1"]
[WhiteCountry "RSA"]
[BlackCountry "CAN"]
[WhiteElo "2093"]
[WhiteRD "72"]
[BlackElo "1962"]
[BlackRD "76"]
[GameID "319088"]

1. d4 d5 2. c4 e6 3. Nc3 Nf6 4. Bg5 Be7 5. e3 O-O 6. Nf3 Nbd7 7. Rc1 c6 8. Bd3 dxc4 9. Bxc4 Nd5 10. Bxe7 Qxe7
11. O-O Nxc3 12. Rxc3 e5 13. d5 cxd5 14. Qxd5 e4 15. Nd4 Nb6 16. Qb5 Nxc4 17. Rxc4 f5 18. Rfc1 a6 19. Qb6 h6 20. Rc7 Qd8
21. Rxg7+ Kxg7 22. Rc7+ Qxc7 23. Qxc7+ Rf7 24. Qe5+ Kg8 25. h3 Bd7 26. Qc7 Be6
0-1

[Event "fast KO - Open"]
[Site "SchemingMind.com"]
[Date "2012.10.15"]
[Round "-"]
[White "tyler_ensor"]
[Black "clario"]
[Result "0-1"]
[WhiteCountry "CAN"]
[BlackCountry "RSA"]
[WhiteElo "1962"]
[WhiteRD "76"]
[BlackElo "2093"]
[BlackRD "72"]
[GameID "319092"]

1. Nf3 d5 2. c4 c6 3. b3 Nf6 4. Bb2 Bf5 5. g3 e6 6. Bg2 Nbd7 7. O-O h6 8. d3 Be7 9. Nbd2 O-O 10. a3 a5
11. Rc1 Bh7 12. Re1 Rc8 13. e4 dxe4 14. dxe4 Nc5 15. Ne5 Qb6 16. Re3 Rfd8 17. Qc2 Nfd7 18. Kh1 Nxe5 19. Bxe5 Rd7 20. Qb2 Nd3
21. Rxd3 Rxd3 22. Bxg7 Rxd2 23. Qxd2 Kxg7 24. Qd7 Qc7 25. Qd4+ Bf6 26. Qe3 Bb2
0-1

[Event "fast KO - Open"]
[Site "SchemingMind.com"]
[Date "2012.10.16"]
[Round "-"]
[White "chesshub"]
[Black "Holty"]
[Result "1-0"]
[WhiteCountry "FRA"]
[BlackCountry "ENG"]
[WhiteElo "2486"]
[WhiteRD "79"]
[BlackElo "1708"]
[BlackRD "55"]
[GameID "319287"]

1. e4 c5 2. Nf3 g6 3. d4 cxd4 4. Nxd4 Nc6 5. c4 Bg7 6. Be3 Qb6 7. Nb3 Qc7 8. Qd2 Nf6 9. Nc3 O-O 10. Be2 d6
11. Rc1 a6 12. f3 Be6 13. Nd5 Qb8 14. Nb6 Ra7 15. Nd4 Nxd4 16. Bxd4 Rd8 17. Nd5 Nxd5 18. Bxa7 Qxa7 19. cxd5 Bd7 20. Qa5 Rc8
21. Rxc8+ Bxc8 22. Qd8+ Bf8 23. Qxc8 Qb6 24. b3 Qd4 25. Qxb7 Qa1+ 26. Bd1 Qc3+ 27. Kf2 Qd2+ 28. Be2 Qd4+ 29. Kg3 Qe5+ 30. f4 Qxe4
31. Bf3 Qf5 32. Qxa6 h5 33. Qc4 f6 34. Re1 Qd7 35. a4 Bh6 36. Qc6 Qf5 37. Qe8+ Bf8 38. Rxe7 h4+ 39. Kf2
1-0

[Event "fast KO - Open"]
[Site "SchemingMind.com"]
[Date "2012.10.17"]
[Round "-"]
[White "Holty"]
[Black "chesshub"]
[Result "0-1"]
[WhiteCountry "ENG"]
[BlackCountry "FRA"]
[WhiteElo "1708"]
[WhiteRD "55"]
[BlackElo "2486"]
[BlackRD "79"]
[GameID "319289"]

1. d4 Nf6 2. c4 e6 3. Nc3 Bb4 4. Qc2 O-O 5. Bg5 c5 6. e3 h6 7. Bh4 cxd4 8. exd4 Nc6 9. Nf3 g5 10. Bg3 g4
11. Nd2 Nxd4 12. Qd3 Nf5 13. a3 Bxc3 14. Qxc3 d5 15. Be5 Nd7 16. Bd3 Nxe5 17. Qxe5 dxc4 18. Bxc4 Qd4 19. Qxd4 Nxd4 20. Bd3 e5
21. O-O Rd8 22. Rad1 Kh8 23. Ne4 Bf5 24. Rfe1 Rac8 25. Ng3 Bxd3 26. Rxd3 Ne2+ 27. Nxe2 Rxd3 28. Nc3 Rd2 29. Ne4 Re2 30. Kf1 Rxb2
31. Nd6 Rcc2 32. Ne4 f5
0-1

[Event "fast KO - Open"]
[Site "SchemingMind.com"]
[Date "2012.12.24"]
[Round "-"]
[White "emvarela"]
[Black "Adrian Grajczak"]
[Result "0-1"]
[WhiteCountry "ARG"]
[BlackCountry "POL"]
[WhiteElo "1759"]
[WhiteRD "49"]
[BlackElo "2088"]
[BlackRD "69"]
[GameID "323648"]

1. e4 c5 2. Nf3 d6 3. d4 cxd4 4. Nxd4 Nf6 5. Nc3 a6 6. Be3 e5 7. Nb3 Be6 8. f3 Be7 9. Qd2 h5 10. O-O-O Nbd7
11. Kb1 b5 12. a3 Qc7 13. Nd5 Bxd5 14. exd5 O-O 15. h3 Nb6 16. Bxb6 Qxb6 17. g4 a5 18. g5 Nd7 19. Bd3 a4 20. Nc1 Nc5
21. f4 exf4 22. Qxf4 Nxd3 23. Rxd3 g6 24. h4 Rac8 25. Re1 Rc4 26. Re4 Qc5 27. Rxc4 bxc4 28. Rc3 Rc8 29. Qe4 Bf8 30. Ne2 Bg7
31. Rf3 Rb8 32. c3 Qxa3 33. Qc2 Qc5 34. Qxa4 Qxd5 35. Rf4 Bxc3 36. Nxc3 Qd2
0-1

[Event "fast KO - Open"]
[Site "SchemingMind.com"]
[Date "2012.12.24"]
[Round "-"]
[White "Adrian Grajczak"]
[Black "emvarela"]
[Result "1-0"]
[WhiteCountry "POL"]
[BlackCountry "ARG"]
[WhiteElo "2112"]
[WhiteRD "71"]
[BlackElo "1761"]
[BlackRD "51"]
[GameID "323653"]

1. d4 Nf6 2. c4 e6 3. g3 c5 4. d5 exd5 5. cxd5 d6 6. Bg2 b5 7. Nf3 Bb7 8. e4 Nxe4 9. Qe2 Qe7 10. O-O Bxd5
11. Re1 c4 12. Ng5 f5 13. Nxe4 fxe4 14. Nc3 Bc6 15. Nxe4 d5 16. Bg5 Qc7 17. Nd6+
1-0

[Event "fast KO - Open"]
[Site "SchemingMind.com"]
[Date "2012.12.30"]
[Round "-"]
[White "chesshub"]
[Black "clario"]
[Result "1-0"]
[WhiteCountry "FRA"]
[BlackCountry "RSA"]
[WhiteElo "2488"]
[WhiteRD "75"]
[BlackElo "2099"]
[BlackRD "70"]
[GameID "323845"]

1. e4 c5 2. Nf3 d6 3. d4 cxd4 4. Nxd4 Nf6 5. Nc3 a6 6. Be3 e6 7. Qd2 b5 8. f3 Be7 9. g4 O-O 10. O-O-O Bb7
11. h4
1-0

[Event "fast KO - Open"]
[Site "SchemingMind.com"]
[Date "2012.12.30"]
[Round "-"]
[White "clario"]
[Black "chesshub"]
[Result "0-1"]
[WhiteCountry "RSA"]
[BlackCountry "FRA"]
[WhiteElo "2099"]
[WhiteRD "70"]
[BlackElo "2488"]
[BlackRD "75"]
[GameID "323853"]

1. d4 Nf6 2. c4 e6 3. Nc3 Bb4 4. Qc2 O-O 5. a3 Bxc3+ 6. Qxc3 b6 7. Bg5 h6 8. Bh4 Ba6 9. Qf3 Nc6 10. e3 Na5
0-1

[Event "fast KO - Open"]
[Site "SchemingMind.com"]
[Date "2013.03.28"]
[Round "-"]
[White "Adrian Grajczak"]
[Black "ray winteringham"]
[Result "1-0"]
[WhiteCountry "POL"]
[BlackCountry "ENG"]
[WhiteElo "2110"]
[WhiteRD "72"]
[BlackElo "1583"]
[BlackRD "47"]
[GameID "329349"]

1. d4 e6 2. c4 d5 3. g3 Bb4+ 4. Bd2 Ne7 5. Bg2 Nbc6 6. Nf3 dxc4 7. Bxb4 a5 8. Bc3 O-O 9. a4 Na7 10. O-O b5
11. axb5 Nxb5 12. Nbd2 Nd5 13. Nxc4 Nbxc3 14. bxc3 Nxc3 15. Qd3 Nd5 16. Rxa5 Bd7 17. Rxa8 Qxa8 18. Nfe5 Bb5 19. Be4 Qa4 20. Bxh7+ Kh8
21. Qc2 Qxc2 22. Bxc2 f6 23. Ng6+ Kg8 24. Nxf8 Kxf8 25. Bd3 c6 26. Nb2 Nc3 27. Bxb5 cxb5 28. e3 Ke7 29. Kg2 Nd5 30. Rc1 Nb4
31. Rc7+ Kf8 32. Rb7
1-0

[Event "fast KO - Open"]
[Site "SchemingMind.com"]
[Date "2013.03.28"]
[Round "-"]
[White "ray winteringham"]
[Black "Adrian Grajczak"]
[Result "0-1"]
[WhiteCountry "ENG"]
[BlackCountry "POL"]
[WhiteElo "1514"]
[WhiteRD "50"]
[BlackElo "2087"]
[BlackRD "72"]
[GameID "329353"]

1. e4 c5 2. Nc3 d6 3. Bc4 Nc6 4. Qf3 e6 5. d3 Nf6 6. Bg5 Be7 7. Nge2 O-O 8. O-O-O a6 9. Bb3 b5 10. Ng3 Bd7
11. Kd2 Ne5 12. Qe2 Nxe4+ 13. Ngxe4 Bxg5+ 14. Ke1 Be7 15. a3 Nc6 16. Ba2 Nd4 17. Qd2 d5 18. Ng3 Bg5 19. f4 Bf6 20. Rb1 Bc6
21. Nd1 e5 22. fxe5 Bxe5 23. Ne2 Qh4+ 24. g3 Nf3+
0-1

[Event "fast KO - Open"]
[Site "SchemingMind.com"]
[Date "2013.05.13"]
[Round "-"]
[White "Adrian Grajczak"]
[Black "chesshub"]
[Result "0-1"]
[WhiteCountry "POL"]
[BlackCountry "FRA"]
[WhiteElo "2247"]
[WhiteRD "70"]
[BlackElo "2517"]
[BlackRD "76"]
[GameID "331782"]

1. d4 Nf6 2. c4 e6 3. g3 c5 4. d5 exd5 5. cxd5 d6 6. Nc3 g6 7. Bg2 Bg7 8. Nf3 O-O 9. O-O Re8 10. Re1 a6
11. a4 Nbd7 12. Bf4 Nh5 13. Bg5 Qc7 14. a5 Rb8 15. Qc2 b5 16. axb6 Qxb6 17. Ra2 Qb3 18. Qxb3 Rxb3 19. Nd2 Rb4 20. Nce4 Bf8
21. g4 h6 22. gxh5 hxg5 23. hxg6 fxg6 24. f3 g4 25. fxg4 Kg7 26. h3 Be7 27. Nc3 Bb7 28. Bf3 Nf6 29. e4 Nd7 30. Kg2= Bg5
31. Rd1 Ne5 32. Be2 Bf4 33. Nf3 Rb8 34. Rf1 Bc8 35. Nd1 R8b6 36. Nxe5 Bxe5 37. Bd3 c4 38. Be2 Bd7 39. Ne3 Rxb2 40. Rxb2 Rxb2
41. Kf3 c3 42. Nc4 c2 43. Bd3 Bb5 44. Rc1 Rb3 45. Ke2 Bg3 46. Rxc2 Kf6 47. Rc1 g5 48. Rd1 Bf4 49. e5+ Bxe5 50. Kd2 a5
51. Rf1+ Bf4+ 52. Kc2 Bxc4 53. Bxc4 Rxh3 54. Ra1 Rh2+ 55. Kd3 Rg2 56. Rxa5 Rxg4 57. Ra8 Rg3+ 58. Ke4 Re3+ 59. Kd4 Re1 60. Rf8+ Kg7
61. Rf5 Kh6 62. Rf8 Be5+ 63. Kd3 g4 64. Kd2 Rb1 65. Rf1 Rb2+ 66. Ke3 Kg5 67. Bd3 g3 68. Be4 Kg4 69. Bf5+ Kh4 70. Kf3 Rd2
71. Rh1+ Kg5 72. Bh3 Rxd5 73. Re1 Bf4 74. Bf1 Rc5 75. Bg2 d5 76. Re8 Rc3+ 77. Ke2 d4
0-1

[Event "fast KO - Open"]
[Site "SchemingMind.com"]
[Date "2013.05.13"]
[Round "-"]
[White "chesshub"]
[Black "Adrian Grajczak"]
[Result "0-1"]
[WhiteCountry "FRA"]
[BlackCountry "POL"]
[WhiteElo "2506"]
[WhiteRD "75"]
[BlackElo "2253"]
[BlackRD "67"]
[GameID "331786"]

1. e4 c5 2. Nf3 d6 3. d4 cxd4 4. Nxd4 Nf6 5. f3 e5 6. Nb3 Be6 7. c4 a5 8. Be3 a4 9. N3d2 Be7 10. Nc3 a3
11. b3 O-O 12. Bd3 Nc6 13. g3 Bh3 14. Nd5 Nxd5 15. exd5 Nb4 16. Bf1 Bf5 17. Ne4 Bg6 18. Bd2 f5 19. Nf2 Qb6 20. Be2 e4
21. Bxb4 Qxb4+ 22. Kf1 f4 23. Kg2 exf3+ 24. Bxf3 Bf6 25. Rc1 Bb2 26. Rc2 Bxc2 27. Qxc2 Qc3 28. Qxc3 Bxc3 29. Ne4 Be5 30. Bg4 b6
31. Be6+ Kh8 32. Ng5 Ra7 33. g4 h6 34. h4 Rc7 35. Nf3 Bb2 36. h5 Bf6 37. Rd1 b5 38. Nd2 f3+ 39. Kxf3 Bg5+ 40. Bf5 Bxd2
41. Rxd2 bxc4 42. Rc2 c3 43. Ke3 g6 44. hxg6 h5 45. Kf3 Kg7 46. Kg3 hxg4 47. Kxg4 Rc5 48. Re2 Rf6 49. Be4 Rf1 50. Rh2 Rc1
51. Rh7+ Kg8 52. Ra7 c2
0-1